000 00921nam a2200289 i 4500
003 DO-SdBNP
005 20251127122739.0
007 ta
008 110725t1994 dr a 001 p spa d
040 _aDO-SdBNP
_bspa
_cBNPHU
_erda
041 _aspa
049 _aBNPD
082 4 _aRD861.44
_bL817p 1994
_222
100 1 _aLockward, Angel,
_eautor
_4aut.
_911034
245 1 0 _aPor los caminos de su piel /
_cÁngel Lockward
250 _aSegunda edición
264 4 _aSanto Domingo, República Dominicana :
_bEditora Taller, C.por A.,
_c©1994.
300 _a144 páginas :
_bilustraciones ;
_c22 cm.
336 _atexto
_btxt
_2rdacontent
337 _asin mediación
_bn
_2rdamedia
338 _avolumen
_bnc
_2rdacarrier
590 _aInventariado, 2025/BT
650 4 _aPoesía dominicana
_966
650 4 _aLiteratura dominicana.
_967
910 _aBtavárez/Validado. Control de calidad MFF
942 _2ddc
_cLBS1
999 _c60075
_d60075